Pengaturcaraan BASIC
| Main Author: | |
|---|---|
| Format: | Book |
| Published: |
Petaling Jaya, Selangor :
Fajar Bakti ,
1986
|
| Subjects: |
MARC
| LEADER | 00000cam a2200000 7i4500 | ||
|---|---|---|---|
| 001 | 0000023213 | ||
| 005 | 20070315093000.0 | ||
| 008 | 021119s1986 | ||
| 020 | |a 9679338495 | ||
| 090 | 0 | 0 | |a QA76.73 .B3 A748 |
| 100 | 0 | |a A. Shukor A. Rahman , |e author | |
| 245 | 1 | 0 | |a Pengaturcaraan BASIC |c A. Shukor A. Rahman |
| 260 | 2 | |a Petaling Jaya, Selangor : |b Fajar Bakti , |c 1986 | |
| 300 | |a 133 p. ; |c 25 cm. | ||
| 650 | 0 | |a Apple (Computer) |x Programming | |
| 650 | 0 | |a BASIC (Computer program language) | |
| 999 | |a 1000024728 |b Book |c Close Access |e Tembila Campus | ||